00248nam a2200121Ia 45000030006000000080041000060400015000471000012000622450014000742600009000885460012000970050017001090STCL150530s9999 xx 000 0 und d aSTCLcSTCL aLindrum aBilliards c1952 aEnglish20220125170626.0